000 00474cam a22001934a 4500
005 20250605164325.0
008 250528s ||||||||||||||||||||||||d
035 _a22993
020 _a9780073515106
040 _aGR-AtMCL
_bgre
_dGR-AtMCL
_eAACR2
245 1 _aTAKING SIDES: CLASHING VIEWS ON PSYCHOLOGICAL ISSUES
250 _a15
260 _bMcgraw Hill,
_c2008
300 _a396
700 1 _aSlife Brent
_97232
942 _cBK
999 _c8034
_d8034